• 首页
  • 本馆介绍
  • 公告通知
  • 最新文献
  • 馆藏检索
  • 电子资源
  • 读者导购
  • 参考咨询
  • 我的图书馆
  • 登录
  • 详细信息显示
  • 放入我的书架
  • 预约/预借图书
  • 作者相关作品
  • 分类相关作品
  • 丛书相关作品
  • 出版社相关作品

书目信息

  • 表格格式
  • 工作单格式
  • 卡片格式
题名:
教师创新行为案例与评议
    
 
作者: 史根东傅道春
分册:  
出版信息: 北京   中国科学技术出版社  1999
页数: 341
开本: 19cm
丛书名: 现代教师素养丛书
单 册:
中图分类: C4
科图分类:
主题词: 社会科学--教育 , 社会科学--普及教育
电子资源:
ISBN: 7-5046-2601-5
000 00670nam0 2200217 450
001 0735257515
005 20070904094737.51
010    @a7-5046-2601-5
100    @a20070904d km y0chiy0120 ea
101 0  @achi
200 1  @a教师创新行为案例与评议@Ajiao shi chuang xin xing wei an li yu ping yi@f史根东傅道春@Fshi gen dong fu dao chun
210    @a北京@c中国科学技术出版社@d1999
215    @a341@c16@d19cm
225 2  @a现代教师素养丛书
410  0 @12001 @a现代教师素养丛书
606 0  @a社会科学@x教育
606 0  @a社会科学@x普及教育
690    @aC4@v3
701  0 @a史根东傅道春@Ashi gen dong fu dao chun
801  0 @aCN@bPFT@c20070904
905    @a213230@dC4@ea10@f1
    
    教师创新行为案例与评议/史根东傅道春.-北京:中国科学技术出版社,1999
    341:16;19cm.-(现代教师素养丛书)
    
    
    ISBN 7-5046-2601-5:
    
●
相关链接 在E读中查询图书 在五车中查询图书 在当当中查询图书 在豆瓣中查询图书


正题名:教师创新行为案例与评议     索取号:C4/a10         预约/预借

序号 登录号 条形码 馆藏地/架位号 状态 备注
1 7500905   275009054   密集书库-史法系/ [索取号:C4/a10] 在馆    
唐山师范学院图书馆 欢迎您!
大连网信软件有限公司© 版权所有